000 00518nam a2200157 i 4500
001 76505
003 ES-MaACL
005 20230906172849.0
007 t|
008 041001s1954 sp ||||1| spa d
100 1 _aGuimerĂ¡ Peraza, Marcos.
_960847
245 1 0 _aMoral y secreto profesional
_b: conferencia pronunciada en "El Museo Canario" /
_cMarcos GuimerĂ¡ Peraza.
260 _aLas Palmas de Gran Canaria :
_b[s.n.,
_c1954] (
_fImp. Lezcano)
300 _a77 p. ;
_c21 cm.
852 _aES-MaACL
_j1986-F-7
_bR.37174
999 _c76505
_d76505